000 00890nam0a22002651 4500
001 v19\rc\1691792
005 20260406195717.0
035 _a(NLR Aleph) 004795494
090 _a4773989
_c4773989
100 _a20061002d1897 |||y0rusy50 ca
101 0 _arus
102 _aRU
105 _ay z |||||
200 1 _aУстав... мануфактурной компании Зингер
_e[Утв. 13 июня 1897 г.]
210 _aСанкт-Петербург
_d1897
215 _a47 с.
_d11х14
532 1 3 _aУстав мануфактурной компании Зингер
710 0 2 _a"Зингер К", акционерное общество
_cПетербург
_3RU\NLR\AUTH\889959103
_9414381
801 0 _aRU
_bNLR
_gpsbo
801 0 _aRU
_bRuMoRGB
_2psbo
801 1 _aRU
_bProSoft-M
_2rusmarc
852 _aNLR
_j18.269.8.173
899 _aБАН
942 _cBOOK
980 _aNB